Welcome to the Holygrace Academy Library

Please use search bar below to get started

GREAT TEMPLES (Record no. 6352)

MARC details
000 -LEADER
fixed length control field 00290nam a22001337a 4500
020 ## - INTERNATIONAL STANDARD BOOK NUMBER
ISBN 81-87834-73-0
082 ## - DEWEY DECIMAL CLASSIFICATION NUMBER
Classification number 001
Item number POR/G
100 ## - MAIN ENTRY--AUTHOR NAME
Personal name PORTRAIT
245 ## - TITLE STATEMENT
Title GREAT TEMPLES
260 ## - PUBLICATION, DISTRIBUTION, ETC. (IMPRINT)
Place of publication CHENNAI
Name of publisher SEASONS PUBLISHING
300 ## - PHYSICAL DESCRIPTION
Number of Pages 120
650 ## - SUBJECT ADDED ENTRY--TOPICAL TERM
Topical Term HISTORIC WONDERS
Geographic subdivision CHENNAI
942 ## - ADDED ENTRY ELEMENTS (KOHA)
Koha item type Books
Holdings
Withdrawn status Lost status Collection code Home library Current library Shelving location Date acquired Source of acquisition Full call number Accession Number Koha item type
    Reference Main Library Main Library SHELF-17-K-BIOGRAPHIES & AUTOBIOGRAPHIES 07/10/2006 PURCHASE 001 POR/G 03207 Books